Statistics for Phineas and Ferb Theme Song Lyrics

Click here to take the quiz!

General Stats

  • This quiz has been taken 62,145 times
    (59,842 since last reset)
  • The average score is 15 of 19

Answer Stats

Lyric% Correct
And {school} comes along just to end it
95%
Or giving a {monkey} a shower
94%
Is finding a good way to {spend} {it}
94%
There's {104} days of summer vacation
91%
Or climbing up the {Eiffel} {Tower}
91%
Or driving our sister {insane}
88%
Discovering something that {doesn}'{t} {exist} (Hey!)
87%
Like maybe... building a {rocket}
86%
Finding a {dodo} bird
84%
As {you} {can} see
83%
Or fighting a {mummy}
83%
So the {annual} problem for our generation
81%
Or locating {Frankenstein}'{s} {brain} (It's over here!)
80%
There's a {whole} {lot} of stuff to do
78%
Before school starts {this} {fall} (Come on, Perry!)
76%
Surfing {tidal} {waves}
71%
Creating {nanobots}
67%
So {stick} {with} {us} cause
Phineas and Ferb are gonna do it all (x2)
63%
Painting a {continent}
44%

Score Distribution

Percentile by Number Answered

Percent of People with Each Score

Your Score History

You have not taken this quiz since the last reset